ARRUPE JESUIT UNIVERSITY

CORONAVIRUS -STOP THE SPREAD - CLEAN,DISINFECT,COVER

Time and idea: (Record no. 123613)

MARC details
000 -LEADER
fixed length control field 00773cam a2200229 4500
001 - CONTROL NUMBER
control field 2649190
003 - CONTROL NUMBER IDENTIFIER
control field ARRUPE
005 - DATE AND TIME OF LATEST TRANSACTION
control field 20151026154827.0
008 - FIXED-LENGTH DATA ELEMENTS--GENERAL INFORMATION
fixed length control field 721018t19681953inu b 001 0 eng
010 ## - LIBRARY OF CONGRESS CONTROL NUMBER
LC control number 68027587
040 ## - CATALOGING SOURCE
Original cataloging agency DLC
Transcribing agency DLC
Modifying agency DLC
050 00 - LIBRARY OF CONGRESS CALL NUMBER
Classification number B3583
Item number .C28 1968
082 00 - DEWEY DECIMAL CLASSIFICATION NUMBER
Classification number 195
300 ## - PHYSICAL DESCRIPTION
Dimensions 21 cm.
100 1# - MAIN ENTRY--PERSONAL NAME
Personal name Caponigri, A. Robert
Fuller form of name (Aloysius Robert),
Dates associated with a name 1915-
9 (RLIN) 20549
245 10 - TITLE STATEMENT
Title Time and idea:
Remainder of title the theory of history in Giambattista Vico,
Statement of responsibility, etc by A. Robert Caponigri.
260 ## - PUBLICATION, DISTRIBUTION, ETC. (IMPRINT)
Place of publication, distribution, etc Notre Dame [Ind.]
Name of publisher, distributor, etc University of Notre Dame Press
Date of publication, distribution, etc [1968, c1953]
300 ## - PHYSICAL DESCRIPTION
Extent x, 225 p.
504 ## - BIBLIOGRAPHY, ETC. NOTE
Bibliography, etc Includes bibliographical references.
600 10 - SUBJECT ADDED ENTRY--PERSONAL NAME
Personal name Vico, Giambattista,
Dates associated with a name 1668-1744.
9 (RLIN) 14740
906 ## - LOCAL DATA ELEMENT F, LDF (RLIN)
a 7
b cbc
c orignew
d 2
e ocip
f 19
g y-gencatlg
942 ## - ADDED ENTRY ELEMENTS (KOHA)
Source of classification or shelving scheme Library of Congress Classification
Koha item type Monograph ( Printed materials)
Holdings
Withdrawn status Lost status Source of classification or shelving scheme Damaged status Not for loan Collection code Home library Current library Shelving location Date acquired Total Checkouts Full call number Barcode Date last seen Price effective from Koha item type
    Library of Congress Classification     Main Collection ARRUPE LIBRARY ARRUPE LIBRARY Main Collection 26/10/2015   B3583.C28 1968 46500005629 26/10/2015 26/10/2015 Monograph ( Printed materials)

 

Arrupe Library. PO Box MP320 Mt Pleasant, Harare, Zimbabwe
263 242 745411|librarian@aju.ac.zw